Mahabharatam (Record no. 397045)

MARC details
000 -LEADER
fixed length control field 00554 a2200205 4500
005 - DATE & TIME
control field 20260514105239.0
008 - FIXED-LENGTH DATA ELEMENTS--GENERAL INFORMATION
fixed length control field 260513b |||||||| |||| 00| 0 eng d
020 ## - ISBN
International Standard Book Number 9788170770033
Price Rs. 1300.00
040 ## - CATALOGING SOURCE
Original cataloging agency VIVEKANANDA LIBRARY
082 ## - DDC NUMBER
Classification number 294.5923
Book Number S71M
100 ## - MAIN ENTRY--PERSONAL NAME
Personal name Saraswati, Jagdishwaranand
245 ## - TITLE STATEMENT
Title Mahabharatam
260 ## - PUBLICATION, DISTRIBUTION, ETC. (IMPRINT)
Place of publication, distribution, etc Delhi
Name of publisher, distributor, etc Vijaykumar Govindram Hasanand
Date of publication, distribution, etc 2025
300 ## - PHYSICAL DESCRIPTION
Pages xxiv, 1444
650 ## - Subject
Subject Mahabharata
650 ## - Subject
Subject Sanskrit Literature
650 ## - Subject
Subject Mahabharata-Commentaries
650 ## - Subject
Subject Epic Poetry, Sanskrit
942 ## - ADDED ENTRY ELEMENTS (KOHA)
Koha item type Books
Holdings
Withdrawn status Lost status Source of classification or shelving scheme Damaged status Not for loan Location (home branch) Sublocation or collection (holding branch) Shelving location Date acquired Koha issues (times borrowed) Koha full call number Accession No. Koha date last seen Koha item type
    Dewey Decimal Classification     VIVEKANANDA LIBRARY VIVEKANANDA LIBRARY Vivekananda Library 11/03/2026   294.5923 S71M 438708 11/03/2026 Books
    Dewey Decimal Classification     VIVEKANANDA LIBRARY VIVEKANANDA LIBRARY Vivekananda Library 11/03/2026   294.5923 S71M 438709 11/03/2026 Books
© Designed and Maintained by Vivekananda Library, MDU Rohtak